000 00339nam a22001337a 4500
001 1655
008 130626b xxu||||| |||| 00| 0 eng d
020 _a9781897408100
082 _a883.01
100 _aandruss van
_zAND
245 _aHome :A Bioregional Reader
_cvan andruss
260 _acanada
_bnew catalyst books
_c1990
942 _cBOOKS
999 _c8078
_d8078